| 000 | 00661nam a22002297a 4500 | ||
|---|---|---|---|
| 005 | 20170124110018.0 | ||
| 010 | _a536982 | ||
| 020 | _c12.50 | ||
| 035 | _a536982 | ||
| 037 | _aCen Lib/Ret | ||
| 040 |
_aDPL _bEN |
||
| 082 |
_a338 _bVAR |
||
| 100 |
_aVarma, O. P. _979516 |
||
| 245 |
_aText book of industrial ecnomics / _cby O. P. Varma [and] B. N. Ahuja |
||
| 260 |
_aNew Delhi _bCareers Digest Publications |
||
| 270 |
_bNew Delhi _a9A. Cooperative soceity |
||
| 300 |
_a194p. _c19cm(Hb) |
||
| 650 |
_aEconomics _979517 |
||
| 650 |
_aIndustrial economics _979518 |
||
| 700 |
_aAhuja, B.N. _913132 |
||
| 942 |
_2ddc _cEN _h338 _mVAR |
||
| 999 |
_c126999 _d126999 |
||